| 000 | 00849nam a22002897a 4500 | ||
|---|---|---|---|
| 003 | CHAP | ||
| 005 | 20220329135023.0 | ||
| 008 | 971013s1959 r 00010 d | ||
| 010 | _a29657 | ||
| 011 | _a30629 | ||
| 035 | _a34741 | ||
| 040 | _cCHAP | ||
| 082 |
_a519.7 _bK85 |
||
| 100 | 0 | 0 |
_aKullback, Solomon. _964061 |
| 245 | _aInformation theory and statistics | ||
| 260 |
_aNew York : _bWiley, _c1959 |
||
| 300 | _a393 p. | ||
| 590 |
_aBATCH-UPD _b10 _c20130110 _lUCH01 _h1557 |
||
| 590 |
_aBATCH-UPD _b10 _c20130410 _lUCH01 _h0954 |
||
| 590 |
_aBATCH-UPD _b10 _c20130914 _lUCH01 _h1325 |
||
| 590 |
_aCONVERSION _b10 _c20130109 _lUCH01 _h1317 |
||
| 650 | 1 | 4 |
_aEstadística matemática. _938261 |
| 650 | 1 | 4 |
_aInformación _xTeoría de la. _958078 |
| 901 | _aBK | ||
| 942 | _cLIBRO | ||
| 949 |
_a519.7 K85 _bBC _cLIBRO _d33724000382636 _eLIBRO _i34741 _si |
||
| 999 |
_c29657 _d29657 |
||